Barron's IELTS : (Record no. 550006)

000 -LEADER
fixed length control field 00833cam a2200217 a 4500
020 ## - INTERNATIONAL STANDARD BOOK NUMBER
International Standard Book Number 0764179357 (book with audio CD)
020 ## - INTERNATIONAL STANDARD BOOK NUMBER
International Standard Book Number 9780764179358 (book with audio CD)
082 00 - DEWEY DECIMAL CLASSIFICATION NUMBER
Classification number 428.1076
Author Mark LOU
-- N-01,P-146
100 1# - MAIN ENTRY--PERSONAL NAME
Personal name Lougheed, Lin,
9 (RLIN) 46775
245 00 - TITLE STATEMENT
Title Barron's IELTS :
Remainder of title International Language Testing System.
260 ## - PUBLICATION, DISTRIBUTION, ETC.
Place of publication, distribution, etc. Hauppauge, N.Y. :
Name of publisher, distributor, etc. Barron's,
Date of publication, distribution, etc. c2006.
300 ## - PHYSICAL DESCRIPTION
Extent 346 p. :
Other physical details ill. ;
Dimensions 28 cm. +
Accompanying material 1 sound disc (digital ; 4 3/4 in.)
526 ## - STUDY PROGRAM INFORMATION NOTE
Program name 0
Interest level 0
Reading level 0
Title point value 428_107600000000000_LOU
650 #0 - SUBJECT ADDED ENTRY--TOPICAL TERM
Topical term or geographic name entry element English language
650 #0 - SUBJECT ADDED ENTRY--TOPICAL TERM
Topical term or geographic name entry element English language
General subdivision Examinations
9 (RLIN) 38860
650 #0 - SUBJECT ADDED ENTRY--TOPICAL TERM
Topical term or geographic name entry element International English Language Testing System
9 (RLIN) 13112
650 #0 - SUBJECT ADDED ENTRY--TOPICAL TERM
Topical term or geographic name entry element MCE
9 (RLIN) 379
710 2# - ADDED ENTRY--CORPORATE NAME
Corporate name or jurisdiction name as entry element Barron's Educational Series, Inc.
9 (RLIN) 46776
856 42 - ELECTRONIC LOCATION AND ACCESS
Uniform Resource Identifier <a href="http://www.loc.gov/catdir/enhancements/fy0630/2006040752-d.html">http://www.loc.gov/catdir/enhancements/fy0630/2006040752-d.html</a>
942 ## - ADDED ENTRY ELEMENTS (KOHA)
Source of classification or shelving scheme
Koha item type Book
Holdings
Withdrawn status Lost status Source of classification or shelving scheme Damaged status Not for loan Permanent Location Current Location Date acquired Total Checkouts Full call number Barcode Date last seen Date last checked out Price effective from Koha item type
          Military College of Engineering (MCE) Military College of Engineering (MCE) 10/20/2014 4 428.1076 LOU MCE-38218 12/06/2019 10/29/2019 10/20/2014 Book
© 2023 Central Library, National University of Sciences and Technology. All Rights Reserved.